Características del Proyecto Nacional y aspectos de la política científico-técnica /
Análisis sobre las características del Proyecto Nacional de la Burguesía panameña, en donde se señalan algunos aspectos de la política científico-técnica. Para la nación panameña, la construcción y operación del Canal constituye el factor más dinámico de la economía del país, lo cual introdujo el &q...
Salvato in:
| Autore principale: | |
|---|---|
| Altri autori: | |
| Natura: | testo |
| Soggetti: | |
| Tags: |
Aggiungi Tag
Nessun Tag, puoi essere il primo ad aggiungerne!!
|
MARC
| LEADER | 00000 a a2200000 04500 | ||
|---|---|---|---|
| 001 | 18462 | ||
| 003 | |||
| 040 | |||
| 100 | |a Fernández, Bernardo | ||
| 245 | |a Características del Proyecto Nacional y aspectos de la política científico-técnica / |c Bernardo Fernández ; César Garrido | ||
| 520 | |a Análisis sobre las características del Proyecto Nacional de la Burguesía panameña, en donde se señalan algunos aspectos de la política científico-técnica. Para la nación panameña, la construcción y operación del Canal constituye el factor más dinámico de la economía del país, lo cual introdujo el "transitismo" como filosofía organizadora del Estado |a este factor condicionó el desarrollo político y las formas de inserción de la variable científica-tecnológica en la economía panameña. Detro de esta óptica es expuesto el Proyecto Nacional de la Burguesía: el liberalismo, enfatizado en una estrategia industrial clásica |a sin embargo, las diferentes decisiones políticas adoptadas no crearon un cuerpo de lineamientos científico-tecnológicos estructurado, esto se debe a la "mentalidad transitiva" que repercute en la oferta y demanda de las ciencias y la tecnología. Es analizada además, la educación en la ciencia y la tecnología a la luz de la óptica transitiva. Se concluye con la crisis del modelo de la burguesía y con las implicaciones de la "filosofía del transitismo" en la sociedad panameña de hoy en día, así como con el problema del desarrollo científico-técnico despúes de la intervención de Estados Unidos. AR/JM | ||
| 650 | |a POLITICA DE CIENCIA Y TECNOLOGIA | ||
| 650 | |a LIBERALISMO | ||
| 650 | |a BURGUESIA | ||
| 700 | |a Garrido, César | ||
| 773 | |g número 75; páginas 11-22 | ||
| 999 | |c 40158 |d 40158 | ||
| 773 | 0 | |0 42041 |9 4606 |a Centro de Estudios Latinoamericanos (CELA) |d Panamá: CELA, 1960- |o MFN: 0606 |t Tareas / |x 04947061 | |
